The wine bible

Αποθηκεύτηκε σε:
Λεπτομέρειες βιβλιογραφικής εγγραφής
Κύριος συγγραφέας: MacNeil, Karen 1954-
Μορφή: Βιβλίο
Γλώσσα:English
Δημοσίευση: New York : Workman Pub., 2001
Θέματα:
Ετικέτες: Προσθήκη ετικέτας
Δεν υπάρχουν, Καταχωρήστε ετικέτα πρώτοι!

MARC

LEADER 00000nam a2200000 i 4500
001 1/59758
008 071022s2001 eng d
020 |a 978-1-56305-434-1 
020 |a 1-56305-434-5 
035 |l 10091711 
040 |a GR-MY-UA  |b gre  |e aacr 
041 0 |a eng 
082 0 |a 641.22  |2 (22) 
100 1 |a MacNeil, Karen  |d 1954- 
245 1 4 |a The wine bible /  |c by Karen MacNeil 
260 |a New York :   |b Workman Pub.,   |c 2001 
300 |a xvii, 910 σ.;  |b εικ., χαρ.;  |c 23 εκ. 
504 |a Περιλαμβάνει ευρετήριο 
650 0 0 |a Wine and wine making. 
852 |a INST  |b SAMOS  |e 20071022  |h 641.22 MAC  |p 005300028063  |q 005300028063  |t BK  |y 0 
901 |a BIBL3-2007-3 
909 |a Σ  |b 139377 
922 |a 3ΕΛΗ  |b 200709  |c ΕΠΕΑΕΚ2/ΤΜΗΜΑ ΜΑΘΗΜΑΤΙΚΩΝ  |d ΠΑΠΑΣΩΤΗΡΙΟΥ 
970 |a ΡΟΥΣΣΟΥ  |b ΚΩΝΣΤΑΝΤΙΝΑ  |z 2007/10/22